Statystyki dla 30 Największych miast na świecie

Kliknij tutaj aby rozwiązać quiz!

Ogólne statystyki

  • Ten quiz został rozwiązany 74 razy
  • Średni wynik to 19 z 30

Statystyki odpowiedzi

Nr.PaństwoAglomeracjaNazwa Miasta% Poprawnych
1Japonia37 274 000Tokio
100%
8Chiny21 333 332Pekin
95%
6Meksyk22 085 140Meksyk
93%
7Egipt21 750 020Kair
92%
25Rosja12 640 818Moskwa
92%
28Francja11 142 303Paryż
90%
5Brazylia22 429 800Sao Paulo
85%
3Chiny28 516 904Szanghaj
85%
16Argentyna15 369 919Buenos Aires
83%
13Turcja15 636 243Stambuł
83%
2Indie32 065 760Delhi
81%
29Indonezja11 074 811Dżakarta
80%
21Brazylia13 634 274Rio De Janeiro
80%
10Japonia19 059 856Osaka
76%
30Peru11 044 607Lima
75%
27Kolumbia11 344 312Bogota
73%
18Filipiny14 406 059Manila
68%
4Bangladesz22 478 116Dhaka
64%
15Nigeria15 387 639Lagos
59%
14Drk.15 628 085Kinszasa
54%
20Chiny13 964 637Kanton
53%
12Pakistan16 839 950Karaczi
46%
9Indie20 961 472Mumbai
44%
17Indie15 133 888Kolkata
39%
11Chiny16 874 740Chongqing
22%
19Chiny14 011 828Tiencin
22%
23Indie13 193 035Bangalore
17%
22Pakistan13 541 764Lahaur
17%
24Chiny12 831 330Shenzhen
17%
26Indie11 503 293Chennai
10%

Rozkład punktacji

Percentyl według liczby udzielonych odpowiedzi

Procent ludzi z każdym wynikiem

Twoja historia wyników

Nie rozwiązałeś tego quizu